000 00392nam a2200169Ia 4500
008 230524s9999 xx 000 0 und d
020 _a8120326830
082 _a4.2
_bPED
100 _aVolnei A.Pedroni
245 0 _aCircuit Design with VHDL
250 _a4TH
260 _aNEW DELHI
_bPHI
_c2005
300 _a363
500 _aQuantity Number: 2
650 _aElectronics
942 _cBK
999 _c4853
_d4853